00808cam a2200205Ia 4500020001800000020001500018040000800033082002600041245009600067260007600163300004100239490005400280500004700334500005200381650002000433700002200453700002600475710004700501856005400548 a9789251062500 a9251062501 cDJB a616 FOO 2009 A091 Or.00aGeospatial datasets and analyses for an environmental approach to African trypanosomiasis / aRome :bFood and Agriculture Organization of the United Nations,c2009. aviii, 67 p.bcol. ill., mapsc25 cm.1 aPAAT technical and scientific series, 1020-7163 ; aProgramme Against African Trypanosomiasis. a"PAAT Information Service publications"--Cover. 0aTrypanosomiasis1 aCecchi, Giuliano.1 aMattioli, Raffaele C.2 aProgramme Against African Trypanosomiasis.41uhttp://www.fao.org/docrep/012/i0809e/i0809e00.htm